=LDR 00000nam 2200000 4500 =001 INLIS000000000031324 =005 20130612133413 =008 ***********************************ind** =035 ##$$a0010-061300000031324 =041 ##$$a ind =082 ##$$a 639. 7 =090 ##$$a 639. 7 , Kha p =100 ##$$a Khairuman =245 ##$$a Peluang usaha budi daya Cacing sutra, Pakar alami bergizi untuk ikan hias, Khairuman, Khairul Amri, Toguan Sihombing; penyunting, Purwadaksi Rahmat =260 ##$$a 2008 $b Jakarta =300 ##$$a vi, 72 hlm. , ilus. , 23 cm =650 ##$$a Cacing Sutra =700 ##$$a Amri, Khairul =850 ##$$a NBPNMAT =990 ##$$a 21400613/BPAP-NTB/20142014